|
|
|
|
| LEADER |
02282nam a22005415i 4500 |
| 001 |
978-1-137-58452-6 |
| 003 |
DE-He213 |
| 005 |
20170121051718.0 |
| 007 |
cr nn 008mamaa |
| 008 |
170121s2017 xxk| s |||| 0|eng d |
| 020 |
|
|
|a 9781137584526
|9 978-1-137-58452-6
|
| 024 |
7 |
|
|a 10.1057/978-1-137-58452-6
|2 doi
|
| 040 |
|
|
|d GrThAP
|
| 050 |
|
4 |
|a LB2300-2799.3
|
| 072 |
|
7 |
|a JNM
|2 bicssc
|
| 072 |
|
7 |
|a EDU015000
|2 bisacsh
|
| 082 |
0 |
4 |
|a 378
|2 23
|
| 100 |
1 |
|
|a Walker, Melanie.
|e author.
|
| 245 |
1 |
0 |
|a Universities, Employability and Human Development
|h [electronic resource] /
|c by Melanie Walker, Samuel Fongwa.
|
| 264 |
|
1 |
|a London :
|b Palgrave Macmillan UK :
|b Imprint: Palgrave Macmillan,
|c 2017.
|
| 300 |
|
|
|a XIII, 248 p. 8 illus., 3 illus. in color.
|b online resource.
|
| 336 |
|
|
|a text
|b txt
|2 rdacontent
|
| 337 |
|
|
|a computer
|b c
|2 rdamedia
|
| 338 |
|
|
|a online resource
|b cr
|2 rdacarrier
|
| 347 |
|
|
|a text file
|b PDF
|2 rda
|
| 505 |
0 |
|
|a Chapter 1. Contextual and Policy Conditions -- Chapter 2. Graduate Employability, Global Shifts and Local Realities -- Chapter 3. A Human Capabilities Conceptualisation of Employability -- Chapter 4. Employability and Conversion Factors -- Chapter 5. Access and Participation -- Chapter 6. Democratic Citizenship -- Chapter 7. Employers and Graduate Opportunities -- Chapter 8. Aspirations, Capabilities and Navigating Future-Forward -- Chapter 9. Human Development, Capabilities and Graduate Employability.-.
|
| 520 |
|
|
|a .
|
| 650 |
|
0 |
|a Education.
|
| 650 |
|
0 |
|a Educational policy.
|
| 650 |
|
0 |
|a ducation and state.
|
| 650 |
|
0 |
|a Educational sociology.
|
| 650 |
|
0 |
|a Higher education.
|
| 650 |
|
0 |
|a Education and sociology.
|
| 650 |
|
0 |
|a Sociology, Educational.
|
| 650 |
1 |
4 |
|a Education.
|
| 650 |
2 |
4 |
|a Higher Education.
|
| 650 |
2 |
4 |
|a Sociology of Education.
|
| 650 |
2 |
4 |
|a Career Skills.
|
| 650 |
2 |
4 |
|a Sociology of Education.
|
| 650 |
2 |
4 |
|a Life Skills.
|
| 650 |
2 |
4 |
|a Educational Policy and Politics.
|
| 700 |
1 |
|
|a Fongwa, Samuel.
|e author.
|
| 710 |
2 |
|
|a SpringerLink (Online service)
|
| 773 |
0 |
|
|t Springer eBooks
|
| 776 |
0 |
8 |
|i Printed edition:
|z 9781137584519
|
| 856 |
4 |
0 |
|u http://dx.doi.org/10.1057/978-1-137-58452-6
|z Full Text via HEAL-Link
|
| 912 |
|
|
|a ZDB-2-EDA
|
| 950 |
|
|
|a Education (Springer-41171)
|